• 首页
  • 本馆介绍
  • 公告通知
  • 最新文献
  • 馆藏检索
  • 电子资源
  • 读者导购
  • 参考咨询
  • 我的图书馆
  • 登录
  • 详细信息显示
  • 放入我的书架
  • 预约/预借图书
  • 作者相关作品
  • 分类相关作品
  • 丛书相关作品
  • 出版社相关作品

书目信息

  • 表格格式
  • 工作单格式
  • 卡片格式
题名:
林彪事件真相
    
 
作者: 于弓 编
分册:  
出版信息: 北京   中国广播电视出版社  1988
页数: 403页
开本: 19cm
丛书名:
单 册:
中图分类: I25 , D653
科图分类:
主题词: 报告文学--中国--现代 , 林彪反党集团--史料
电子资源:
ISBN: 7-5043-0139-6
000 00616nam0 2200229 450
001 1548726980
005 20150122133233.67
010    @a7-5043-0139-6@dCNY3.80
100    @a20020613d1988 em y0chiy0110 ea
101 0  @achi
102    @aCN@b110000
105    @aa z 000yy
200 1  @a林彪事件真相@9lin biao shi jian zhen xiang@f于弓编
210    @a北京@c中国广播电视出版社@d1988
215    @a403页@c照片@d19cm
606 0  @a报告文学@y中国@z现代
606 0  @a林彪反党集团@j史料
690    @aI25@v5
690    @aD653@v5
701  0 @a于弓@9yu gong@4编
801  0 @aCN@bTSSF@c20150122
905    @aZUCC@dI25@eJY60
    
    林彪事件真相/于弓编.-北京:中国广播电视出版社,1988
    403页:照片;19cm
    
    
    ISBN 7-5043-0139-6:CNY3.80
    
●
相关链接 在E读中查询图书 在五车中查询图书 在当当中查询图书 在豆瓣中查询图书


正题名:林彪事件真相     索取号:I25/JY60         预约/预借

序号 登录号 条形码 馆藏地/架位号 状态 备注
1 7843398   278433982   学院路分馆/ [索取号:I25/JY60] 在馆    
唐山师范学院图书馆 欢迎您!
大连网信软件有限公司© 版权所有